O motivaci a privatizaci.
Prehľad jednotlivých foriem motivácie a ich vzťahu k efektívnosti práce podniku. Porovnanie rôznych metód privatizácie z hľadiska motivovanosti.
Gespeichert in:
| 1. Verfasser: | |
|---|---|
| Format: | Buchkapitel |
| Sprache: | Tschechisch |
| Schlagworte: | |
| Tags: |
Keine Tags, Fügen Sie das erste Tag hinzu!
|
MARC
| LEADER | 00000naa a2200000 4500 | ||
|---|---|---|---|
| 001 | r003328 | ||
| 005 | 20221125081220.5 | ||
| 041 | 0 | |a cze | |
| 044 | |a [CS] | ||
| 245 | 1 | 0 | |a O motivaci a privatizaci. |c J. Bureš |
| 520 | |a Prehľad jednotlivých foriem motivácie a ich vzťahu k efektívnosti práce podniku. Porovnanie rôznych metód privatizácie z hľadiska motivovanosti. | ||
| 610 | 2 | 0 | |a motivácia |
| 610 | 2 | 0 | |a privatizácia |
| 610 | 2 | 0 | |a efektívnosť práce |
| 610 | 2 | 0 | |a podnik |
| 100 | 1 | |a Bureš, J. | |